Species conservation and management : case studies

Αποθηκεύτηκε σε:
Λεπτομέρειες βιβλιογραφικής εγγραφής
Άλλοι συγγραφείς: Akcakaya, H. R. (Επιμελητής έκδοσης)
Μορφή: Βιβλίο
Γλώσσα:English
Δημοσίευση: New York : Oxford University Press, 2004
Θέματα:
Ετικέτες: Προσθήκη ετικέτας
Δεν υπάρχουν, Καταχωρήστε ετικέτα πρώτοι!

MARC

LEADER 00000nam a2200000 i 4500
001 1/91919
008 080808s2004 eng d
020 |a 0-19-516646-9 
035 |l 10099402 
040 |a GR-MY-UA  |b gre  |e aacr 
041 0 |a eng 
082 0 |a 577.88  |2 (22) 
245 1 0 |a Species conservation and management :  |b case studies /  |c edited by H. Resit Akgakaya ... [κ.ά.] 
260 |a New York :   |b Oxford University Press,   |c 2004 
300 |a xv, 533 σ.;  |b εικ., χάρτες;  |c 25 εκ.+  |e 1 οπτική δισκέτα λέϊζερ Η/Υ (4 3/4 ίν.) 
504 |a Περιέχει βιβλιογραφικές παραπομπές και ευρετήριο 
650 0 0 |a Population viability analysis  |x Case studies. 
650 0 0 |a Nature conservation  |x Computer simulation  |x Case studies. 
700 1 |a Akcakaya, H. R.  |4 edt 
852 |a INST  |b LESVOS  |e 20080808  |h 577.88 SPE  |p 005100041963  |q 005100041963  |t BK  |y 0 
852 |a INST  |b LESVOS  |e 20080808  |h 577.88 SPE   |p 005100041964  |q 005100041964  |t BK  |y 0 
901 |a BIBL1-2008-2 
909 |a Λ  |b 145204 
909 |a Λ  |b 137568 
922 |a 1ΕΛΗ  |b 200801  |c ΕΠΕΑΕΚ2/ΤΕΘ  |d ΕΛΕΥΘΕΡΟΥΔΑΚΗΣ 
970 |a ΚΑΡΑ  |b ΓΙΑΣΕΜΗ  |z 2008/08/08